000 01577nam0a2200385 i 4500
001 RU\NLR\bibl\2073767
005 20260406055754.0
010 _a9785918520703
010 _a978-5-906518-01-9
_92000
021 _aRU
_b2013-63624
_94359
035 _a(nilc)RuMoRGB-006629271
035 _a(NLR Aleph) 002059826
090 _a4680893
_c4680893
100 _a20130812d2013 k y0rusy50 ca
101 1 _arus
_cfre
102 _aRU
105 _aa |||||||||
200 1 _aФилипп Август
_fЖерар Сивери
_g[пер. с фр.: Степанов М. В.]
210 _aСанкт-Петербург
_cЕвразия
_aМосква
_cCLIO
_d2013
215 _a349 с.
_cкрт., схем.
_d22
300 _aЗагл. и авт. ориг.: Philippe Auguste/Gerard Sivery
320 _aБиблиогр. в примеч.: с. 297-320
320 _aБиблиогр.: с. 327-346
454 0 _12001#$aPhilippe Auguste
_1700#1$aSivery$bG.$gGerard$4070
_tPhilippe Auguste
_aSivery, Gerard
600 0 _aФилипп II Август
_cкороль французский
_f1165 - 1223
_92337271
_3RU\NLR\auth\661397302
686 _aТ3(4Фр)42-8
700 1 _aСивери
_bЖ.
_f1925-2012
_gЖерар
_4070
702 0 _4570
_8rus
_7ca
_aФилипп
_cкороль французский
_dII Август
_f1165-1223
_3RU\NLR\AUTH\7710104
_9119888
801 0 _aRU
_bRuMoRKP
_c20130812
_gRCR
801 2 _aRU
_bРГБ
_c20130902
_grcr
801 1 _aRU
_bRuMoRKP
_c20130812
_2rusmarc
801 2 _aRU
_bNLR
_c20130920
_grcr
942 _cBOOK
980 _aNBR